[Event "VL 2016/17"]
[Site "Mecklenburg/Vorpommern"]
[Date "2017.03.19"]
[Round "7.7"]
[White "Onasch, Paul"]
[Black "Winkler, Karl"]
[Result "1/2-1/2"]
[WhiteElo "1943"]
[BlackElo "1844"]
[PlyCount "54"]
[EventType "team-tourn"]
[EventRounds "9"]
[SourceDate "2016.10.16"]
[WhiteTeam "SAV Torgelow"]
[BlackTeam "SG Neubrandenburg"]

1. d4 Nf6 2. Nf3 e6 3. e3 b6 4. Bd3 Ba6 5. O-O Bxd3 6. cxd3 c5 7. b3 Nc6 8.
dxc5 Bxc5 9. Bb2 O-O 10. d4 Be7 11. Nc3 d5 12. Rc1 Rc8 13. Qe2 Qd7 14. Qb5 Bd6
15. Rfd1 Na5 16. Qxd7 Nxd7 17. Nb5 Bb8 18. Ba3 Rfe8 19. Bd6 a6 20. Bxb8 axb5
21. Bc7 f6 22. Ne1 Nb7 23. Rc2 Kf7 24. Rdc1 e5 25. dxe5 fxe5 26. Nd3 Nbc5 27.
Nxc5 bxc5 1/2-1/2

[Event "VL 2016/17"]
[Site "Mecklenburg/Vorpommern"]
[Date "2017.03.19"]
[Round "7.8"]
[White "Baier, Karsten"]
[Black "Lehmann, Ruben"]
[Result "1-0"]
[WhiteElo "1839"]
[BlackElo "1940"]
[PlyCount "47"]
[EventType "team-tourn"]
[EventRounds "9"]
[SourceDate "2016.10.16"]
[WhiteTeam "SG Neubrandenburg"]
[BlackTeam "SAV Torgelow"]

1. d4 d5 2. c4 e6 3. Nc3 c6 4. e3 Nf6 5. Nf3 Nbd7 6. Bd3 dxc4 7. Bxc4 b5 8. Bd3
a6 9. O-O c5 10. Qe2 Bb7 11. Rd1 cxd4 12. exd4 Bd6 13. Bg5 O-O 14. Ne4 Bb8 15.
Rac1 Qb6 16. Nxf6+ Nxf6 17. Ne5 Nd5 18. Qh5 g6 19. Nxg6 fxg6 20. Bxg6 hxg6 21.
Qxg6+ Kh8 22. Rd3 Ne3 23. Rxe3 Bxg2 24. Bf6+ 1-0

[Event "VL 2016/17"]
[Site "Mecklenburg/Vorpommern"]
[Date "2017.03.19"]
[Round "7.2"]
[White "Moritz, Hartmut"]
[Black "Schwahn, Christian"]
[Result "0-1"]
[WhiteElo "1844"]
[BlackElo "1979"]
[PlyCount "88"]
[EventType "team-tourn"]
[EventRounds "9"]
[SourceDate "2016.10.16"]
[WhiteTeam "SSC Rostock II"]
[BlackTeam "Greifswalder SV II"]

1. e4 c5 2. c3 Nf6 3. e5 Nd5 4. d4 cxd4 5. cxd4 e6 6. Nc3 d6 7. Nf3 Nc6 8. Qb3
Nxc3 9. bxc3 dxe5 10. Nxe5 Nxe5 11. dxe5 Be7 12. Ba3 Bxa3 13. Bb5+ Kf8 14.
Qxa3+ Qe7 15. Qa5 b6 16. Qa4 Bb7 17. O-O Qc5 18. Rfd1 a6 19. Bf1 b5 20. Qa5 g5
21. c4 Qxe5 22. Qb6 Rb8 23. Rab1 Bxg2 24. Qxa6 Bxf1 25. Rxf1 b4 26. Rfd1 Kg7
27. Qd6 Qxd6 28. Rxd6 Rhc8 29. Rd4 Rc5 30. a3 e5 31. Rg4 f5 32. Rxg5+ Kf6 33.
Rh5 b3 34. Rh3 b2 35. Rc3 e4 36. Rc2 Rb3 37. Rbxb2 Rxa3 38. Rb5 Rxb5 39. cxb5
Rb3 40. Rc5 f4 41. Kg2 Rb2 42. Kg1 f3 43. h4 Rb1+ 44. Kh2 e3 0-1

[Event "VL 2016/17"]
[Site "Mecklenburg/Vorpommern"]
[Date "2017.03.19"]
[Round "7.3"]
[White "Sowada, Christoph"]
[Black "Herde, Dittmar"]
[Result "1/2-1/2"]
[WhiteElo "1919"]
[BlackElo "1829"]
[PlyCount "59"]
[EventType "team-tourn"]
[EventRounds "9"]
[SourceDate "2016.10.16"]
[WhiteTeam "Greifswalder SV II"]
[BlackTeam "SSC Rostock II"]

1. e4 c5 2. Nf3 Nc6 3. Bb5 d6 4. O-O Bd7 5. Re1 Nf6 6. c3 a6 7. Bf1 g6 8. h3
Bg7 9. d4 e6 10. a4 O-O 11. Bf4 Ne8 12. dxc5 dxc5 13. Nbd2 e5 14. Be3 b6 15.
Nc4 Qc7 16. a5 Nxa5 17. Nxa5 bxa5 18. Qd5 Rd8 19. Qxc5 Qb7 20. Qxa5 Nf6 21.
Bxa6 Qxb2 22. Qb4 Rb8 23. Qxb2 Rxb2 24. Nxe5 Be6 25. Bd4 Ra8 26. Nd3 Rd2 27.
Nc5 Nd7 28. Bxg7 Nxc5 29. Bh6 Rdd8 30. Be2 1/2-1/2

[Event "VL 2016/17"]
[Site "Mecklenburg/Vorpommern"]
[Date "2017.03.19"]
[Round "7.4"]
[White "Nour, Alaa"]
[Black "Hertel, Johannes"]
[Result "0-1"]
[WhiteElo "2008"]
[BlackElo "1839"]
[PlyCount "104"]
[EventType "team-tourn"]
[EventRounds "9"]
[SourceDate "2016.10.16"]
[WhiteTeam "SSC Rostock II"]
[BlackTeam "Greifswalder SV II"]

1. e4 c5 2. Bc4 e6 3. Nc3 Nc6 4. a3 Nf6 5. d3 d5 6. exd5 exd5 7. Qe2+ Be7 8.
Ba2 Bg4 9. Qd2 O-O 10. Nge2 Qd7 11. O-O Ne5 12. f3 Be6 13. Nf4 Ng6 14. Nxe6
fxe6 15. Qe2 Rae8 16. Bd2 Bd6 17. Kh1 Nh5 18. Qf2 a6 19. Rae1 Qc7 20. Qg1 Ng3+
21. hxg3 Bxg3 22. Re2 Qd8 23. Qh2 Bxh2 24. Kxh2 Kh8 25. Rfe1 Qd7 26. Rh1 Nh4
27. Kg1 Nf5 28. Rh3 Nd4 29. Rf2 b5 30. Be3 Qd6 31. Bg5 b4 32. Bh4 bxc3 33. bxc3
Nf5 34. Bg5 Qe5 35. Bd2 Rb8 36. Bb3 c4 37. dxc4 dxc4 38. Bxc4 Rb1+ 39. Bf1 Rd8
40. g4 Qc5 41. Kg2 Ne3+ 42. Bxe3 Qxe3 43. Bd3 Rdb8 44. f4 Rg1+ 45. Kxg1 Qxh3
46. g5 Rb1+ 47. Bf1 Qg3+ 48. Rg2 Qxf4 49. Rf2 Qxg5+ 50. Kh2 h5 51. Rf8+ Kh7 52.
Bd3+ g6 0-1

[Event "VL 2016/17"]
[Site "Mecklenburg/Vorpommern"]
[Date "2017.03.19"]
[Round "7.5"]
[White "Grehl, Tino"]
[Black "Maertin, Heinz"]
[Result "1/2-1/2"]
[WhiteElo "1843"]
[BlackElo "1742"]
[PlyCount "36"]
[EventType "team-tourn"]
[EventRounds "9"]
[SourceDate "2016.10.16"]
[WhiteTeam "Greifswalder SV II"]
[BlackTeam "SSC Rostock II"]

1. c4 c5 2. Nf3 Nf6 3. Nc3 d5 4. cxd5 Nxd5 5. g3 Nc6 6. Bg2 Nc7 7. O-O e5 8. d3
Be7 9. Be3 O-O 10. Rc1 Be6 11. b3 b6 12. Ne1 Nd5 13. Nxd5 Bxd5 14. Nf3 Rc8 15.
Qc2 Bxf3 16. Bxf3 Nd4 17. Bxd4 cxd4 18. Qd2 Qd7 1/2-1/2

[Event "VL 2016/17"]
[Site "Mecklenburg/Vorpommern"]
[Date "2017.03.19"]
[Round "7.6"]
[White "Menkhaus, Wolf Dieter"]
[Black "Nauschuetz, Ernst"]
[Result "1/2-1/2"]
[WhiteElo "1800"]
[BlackElo "1838"]
[PlyCount "115"]
[EventType "team-tourn"]
[EventRounds "9"]
[SourceDate "2016.10.16"]
[WhiteTeam "SSC Rostock II"]
[BlackTeam "Greifswalder SV II"]

1. d4 Nf6 2. c4 e6 3. Nc3 Bb4 4. Qc2 Nc6 5. Nf3 O-O 6. Bd2 d5 7. a3 Bxc3 8.
bxc3 Na5 9. c5 b6 10. e3 Qe7 11. cxb6 axb6 12. Ne5 Nd7 13. Nxd7 Qxd7 14. c4
Nxc4 15. Bxc4 dxc4 16. Bb4 Re8 17. Qxc4 Ba6 18. Qc3 Rec8 19. Qd2 Qd5 20. f4 Qf5
21. Kf2 c5 22. dxc5 bxc5 23. Ba5 Bd3 24. Rhc1 e5 25. g4 Qe4 26. Kg3 c4 27. Bc3
f6 28. h4 Ra7 29. Qf2 Re8 30. Re1 Qa8 31. Bb4 Rb8 32. Rac1 Rf7 33. Qg2 Be4 34.
Qb2 Qd5 35. Red1 Bd3 36. Qg2 Qb5 37. Qd2 Re8 38. Re1 Qb8 39. h5 g6 40. h6 Rd8
41. Qf2 Rfd7 42. Ba5 Re8 43. Bc3 g5 44. f5 Qa8 45. Bb4 Rc8 46. Red1 Rdc7 47.
Rc3 Qb7 48. Qa2 Kh8 49. Rdc1 Rd7 50. Rd1 Qa7 51. Qf2 Rcd8 52. Re1 Qb6 53. Rcc1
Qb5 54. Qf3 Kg8 55. e4 Qa4 56. Re3 Qb3 57. Rc3 Qb2 58. Qf2 1/2-1/2

[Event "VL 2016/17"]
[Site "Mecklenburg/Vorpommern"]
[Date "2017.03.19"]
[Round "7.7"]
[White "Dombrowski, Frank"]
[Black "Fiss, Daniel"]
[Result "1/2-1/2"]
[WhiteElo "1988"]
[BlackElo "1719"]
[PlyCount "90"]
[EventType "team-tourn"]
[EventRounds "9"]
[SourceDate "2016.10.16"]
[WhiteTeam "Greifswalder SV II"]
[BlackTeam "SSC Rostock II"]

1. c3 c5 2. d4 e6 3. Bf4 Qb6 4. Qc2 Nc6 5. e3 Nf6 6. Nf3 d5 7. Nbd2 Bd7 8. dxc5
Bxc5 9. b4 Be7 10. a3 Rc8 11. c4 Nh5 12. Bg5 Bxg5 13. Nxg5 Ne5 14. Qb3 dxc4 15.
Nxc4 Nxc4 16. Bxc4 O-O 17. O-O Nf6 18. Nf3 Bb5 19. Bxb5 Qxb5 20. Rac1 h6 21. h3
Qd5 22. Qxd5 Nxd5 23. Nd4 Rfd8 24. Nb3 Nc3 25. Rc2 Nb5 26. Rxc8 Rxc8 27. a4 Nc3
28. Nd4 Rc4 29. Nb5 Nxb5 30. axb5 Rxb4 31. Ra1 Rxb5 32. Rxa7 Rb1+ 33. Kh2 b5
34. Ra8+ Kh7 35. Kg3 b4 36. Kf3 b3 37. Rb8 Kg6 38. g3 b2 39. Kf4 Kf6 40. Rb7 g6
41. h4 g5+ 42. hxg5+ hxg5+ 43. Ke4 Kg6 44. Ke5 Kh5 45. Rb4 Kg6 1/2-1/2

[Event "VL 2016/17"]
[Site "Mecklenburg/Vorpommern"]
[Date "2017.03.19"]
[Round "7.8"]
[White "Wurst, Benedikt"]
[Black "Troyke, Jannis"]
[Result "0-1"]
[WhiteElo "1575"]
[BlackElo "1710"]
[PlyCount "80"]
[EventType "team-tourn"]
[EventRounds "9"]
[SourceDate "2016.10.16"]
[WhiteTeam "SSC Rostock II"]
[BlackTeam "Greifswalder SV II"]

1. e4 c5 2. Nf3 d6 3. d4 cxd4 4. Nxd4 Nf6 5. Nc3 g6 6. Be3 Bg7 7. Bb5+ Nbd7 8.
O-O a6 9. Bd3 O-O 10. Qd2 Ng4 11. h3 Nxe3 12. Qxe3 Qb6 13. Nb3 Qxe3 14. fxe3 b6
15. Nd5 e6 16. Ne7+ Kh8 17. Nxc8 Raxc8 18. c3 b5 19. Nd4 Bh6 20. Kf2 Rfd8 21.
a3 Nb6 22. Ke2 Kg8 23. Rac1 d5 24. Rcd1 dxe4 25. Bxe4 Nc4 26. Nc6 Rxd1 27. Rxd1
Re8 28. b3 Nxe3 29. Rd7 f5 30. Bf3 e5 31. Bd5+ Nxd5 32. Rxd5 Bg7 33. Rd8 Rxd8
34. Nxd8 Bf8 35. a4 Be7 36. Nc6 Bd6 37. axb5 axb5 38. Na7 b4 39. c4 e4 40. Nc8
Bc5 0-1

[Event "VL 2016/17"]
[Site "Mecklenburg/Vorpommern"]
[Date "2017.04.02"]
[Round "8.1"]
[White "Reyer, Ulli"]
[Black "Littke, Helmut"]
[Result "1-0"]
[WhiteElo "2067"]
[BlackElo "1967"]
[PlyCount "37"]
[EventType "team-tourn"]
[EventRounds "9"]
[SourceDate "2016.10.16"]
[WhiteTeam "Greifswalder SV II"]
[BlackTeam "ASV Wismar"]

1. e4 c5 2. Nf3 e6 3. d4 cxd4 4. Bg5 Be7 5. Bxe7 Nxe7 6. Qxd4 O-O 7. Qd6 Nbc6
8. Nc3 a6 9. Be2 b5 10. O-O Bb7 11. Rfd1 Qa5 12. Nd2 Rfd8 13. Nb3 Qb6 14. a4
Nc8 15. Qf4 b4 16. a5 Qa7 17. Na2 Qb8 18. Qxb8 Rxb8 19. Nc5 1-0

[Event "VL 2016/17"]
[Site "Mecklenburg/Vorpommern"]
[Date "2017.04.02"]
[Round "8.2"]
[White "Kliewe, Hans Juergen"]
[Black "Schwahn, Christian"]
[Result "1/2-1/2"]
[WhiteElo "1963"]
[BlackElo "1979"]
[PlyCount "55"]
[EventType "team-tourn"]
[EventRounds "9"]
[SourceDate "2016.10.16"]
[WhiteTeam "ASV Wismar"]
[BlackTeam "Greifswalder SV II"]

1. d4 Nf6 2. Nf3 e6 3. c4 b6 4. Bf4 Ba6 5. e3 Bb4+ 6. Nc3 O-O 7. Qb3 Bxc3+ 8.
Qxc3 d6 9. Be2 Nbd7 10. O-O Ne4 11. Qc2 f5 12. h3 Bb7 13. Nd2 a5 14. Rad1 Nxd2
15. Qxd2 Qe7 16. d5 e5 17. Bh2 Nc5 18. Qc2 Bc8 19. b3 Bd7 20. a3 Rae8 21. Ra1
f4 22. e4 f3 23. Bxf3 Rxf3 24. gxf3 Bxh3 25. b4 Qg5+ 26. Bg3 Qh5 27. Qc3 Bxf1
28. Rxf1 1/2-1/2

[Event "VL 2016/17"]
[Site "Mecklenburg/Vorpommern"]
[Date "2017.04.02"]
[Round "8.5"]
[White "Grehl, Tino"]
[Black "Podolskiy, Alexander"]
[Result "1/2-1/2"]
[WhiteElo "1843"]
[BlackElo "1871"]
[PlyCount "20"]
[EventType "team-tourn"]
[EventRounds "9"]
[SourceDate "2016.10.16"]
[WhiteTeam "Greifswalder SV II"]
[BlackTeam "ASV Wismar"]

1. c4 e5 2. Nc3 Bc5 3. e3 Nc6 4. d3 Nf6 5. Nf3 d6 6. Be2 O-O 7. O-O a5 8. a3
Bf5 9. d4 Ba7 10. b3 Re8 1/2-1/2

[Event "VL 2016/17"]
[Site "Mecklenburg/Vorpommern"]
[Date "2017.04.02"]
[Round "8.6"]
[White "Junggebauer, Thomas"]
[Black "Nauschuetz, Ernst"]
[Result "1-0"]
[WhiteElo "1849"]
[BlackElo "1838"]
[PlyCount "63"]
[EventType "team-tourn"]
[EventRounds "9"]
[SourceDate "2016.10.16"]
[WhiteTeam "ASV Wismar"]
[BlackTeam "Greifswalder SV II"]

1. e4 c5 2. Nf3 g6 3. d4 cxd4 4. Nxd4 Nc6 5. Be3 Nf6 6. Nc3 Bg7 7. Bc4 O-O 8.
f3 Qb6 9. Nce2 Qxb2 10. Rb1 Qa3 11. Bd2 Qc5 12. Nxc6 Qxc6 13. Bb5 Qc7 14. O-O
d6 15. Ba4 Nd7 16. Kh1 a6 17. Nf4 b5 18. Nd5 Qd8 19. Bb3 Nc5 20. Qe1 a5 21. a3
e6 22. Ne3 Nxb3 23. Rxb3 Bd7 24. Qg3 Qc7 25. Rd3 Be5 26. f4 Bg7 27. f5 Be5 28.
Qh4 f6 29. fxg6 hxg6 30. Ng4 Be8 31. Rh3 Qg7 32. Nh6+ 1-0

[Event "VL 2016/17"]
[Site "Mecklenburg/Vorpommern"]
[Date "2017.04.02"]
[Round "8.8"]
[White "Pentzien, Volker"]
[Black "Gwiazda, Slawomir"]
[Result "0-1"]
[WhiteElo "1792"]
[BlackElo "1912"]
[PlyCount "94"]
[EventType "team-tourn"]
[EventRounds "9"]
[SourceDate "2016.10.16"]
[WhiteTeam "ASV Wismar"]
[BlackTeam "Greifswalder SV II"]

1. e4 e6 2. d4 d5 3. Nc3 Nf6 4. e5 Nfd7 5. f4 c5 6. Nf3 Nc6 7. Be2 cxd4 8. Nxd4
Bc5 9. Be3 O-O 10. Na4 Be7 11. O-O a6 12. Nxc6 bxc6 13. c3 a5 14. Bd3 Ba6 15.
Bxa6 Rxa6 16. Rf3 f5 17. exf6 Nxf6 18. Rh3 Qc8 19. Nc5 Bxc5 20. Bxc5 Rf7 21.
Bd4 c5 22. Bxf6 Rxf6 23. Qh5 h6 24. Rf1 Rb6 25. b3 c4 26. bxc4 Qc5+ 27. Kh1
Qxc4 28. Rhf3 Rxf4 29. h3 Rxf3 30. Rxf3 Rb1+ 31. Kh2 Qc7+ 32. g3 Qc5 33. h4
Rb2+ 34. Kh3 Qe7 35. a4 e5 36. Qf5 Rb8 37. Rd3 Rd8 38. h5 Rf8 39. Qg4 Qf7 40.
Qd1 Rd8 41. Qe2 Qd7+ 42. g4 e4 43. Rd4 Qc6 44. c4 Qxa4 45. Rxd5 Rxd5 46. cxd5
Qb3+ 47. Kh4 Qxd5 0-1

[Event "VL 2016/17"]
[Site "Mecklenburg/Vorpommern"]
[Date "2017.04.02"]
[Round "8.2"]
[White "Schmekel, Florian"]
[Black "Moritz, Hartmut"]
[Result "0-1"]
[WhiteElo "1959"]
[BlackElo "1844"]
[PlyCount "86"]
[EventType "team-tourn"]
[EventRounds "9"]
[SourceDate "2016.10.16"]
[WhiteTeam "SAV Torgelow"]
[BlackTeam "SSC Rostock II"]

1. d4 Nf6 2. c4 e5 3. dxe5 Ng4 4. Nf3 Nc6 5. Bg5 Be7 6. Bxe7 Qxe7 7. e3 Ngxe5
8. Nc3 Nxf3+ 9. Qxf3 Nd4 10. Qd1 Ne6 11. Nd5 Qg5 12. f4 Qd8 13. g3 O-O 14. f5
c6 15. fxe6 cxd5 16. exf7+ Rxf7 17. Qxd5 d6 18. O-O-O Bg4 19. Bg2 Bxd1 20. Rxd1
Qe7 21. Qxd6 Qxe3+ 22. Kb1 Kh8 23. Qd8+ Qe8 24. Qh4 Qe7 25. Qxe7 Rxe7 26. Rd2
Rae8 27. b3 b6 28. Bd5 g6 29. b4 Kg7 30. c5 bxc5 31. bxc5 Re2 32. Rxe2 Rxe2 33.
c6 Re7 34. Bf3 Kf6 35. Kc2 Ke5 36. Kd3 Kd6 37. Be4 Re5 38. h4 Ra5 39. g4 Rxa2
40. h5 gxh5 41. g5 Ra3+ 42. Ke2 Rg3 43. Bxh7 Rxg5 0-1

[Event "VL 2016/17"]
[Site "Mecklenburg/Vorpommern"]
[Date "2017.04.02"]
[Round "8.3"]
[White "Herde, Dittmar"]
[Black "Zentgraf, Robert"]
[Result "0-1"]
[WhiteElo "1829"]
[BlackElo "2099"]
[PlyCount "66"]
[EventType "team-tourn"]
[EventRounds "9"]
[SourceDate "2016.10.16"]
[WhiteTeam "SSC Rostock II"]
[BlackTeam "SAV Torgelow"]

1. d4 Nf6 2. c4 g6 3. Nc3 Bg7 4. e4 d6 5. Bg5 h6 6. Be3 Ng4 7. Qd2 Nxe3 8. fxe3
O-O 9. Nf3 c6 10. Be2 Nd7 11. O-O Nb6 12. b4 c5 13. bxc5 dxc5 14. e5 Bg4 15.
Rad1 Rc8 16. d5 Bxf3 17. Rxf3 Bxe5 18. Rh3 Bg7 19. e4 Qd6 20. Nb5 Qe5 21. Nxa7
Ra8 22. Nb5 Ra4 23. Qc2 Rfa8 24. a3 Nc8 25. Rb3 b6 26. d6 Nxd6 27. Nxd6 exd6
28. Rxb6 Rxa3 29. Rdxd6 Ra2 30. Qd3 Qa1+ 31. Kf2 Bd4+ 32. Kf3 R2a3 33. Rb3 Rxb3
0-1

[Event "VL 2016/17"]
[Site "Mecklenburg/Vorpommern"]
[Date "2017.04.02"]
[Round "8.4"]
[White "Ehlers, Michael"]
[Black "Nour, Alaa"]
[Result "1-0"]
[WhiteElo "1881"]
[BlackElo "2008"]
[PlyCount "83"]
[EventType "team-tourn"]
[EventRounds "9"]
[SourceDate "2016.10.16"]
[WhiteTeam "SAV Torgelow"]
[BlackTeam "SSC Rostock II"]

1. e4 e5 2. Nf3 Nc6 3. d4 exd4 4. Nxd4 Bc5 5. Be3 Bb6 6. Nc3 Nge7 7. Be2 d6 8.
O-O O-O 9. Qd2 f5 10. Nxc6 Nxc6 11. Bc4+ Kh8 12. Bg5 Qe8 13. Rae1 Ne5 14. Bd5
c6 15. Bb3 Qg6 16. Kh1 Ng4 17. Be7 Rf7 18. Bxf7 Qxf7 19. Bxd6 fxe4 20. Nxe4 Bf5
21. f3 Nh6 22. Be5 Qxa2 23. Qxh6 Qg8 24. Nd6 Bxc2 25. Bc3 Qf8 26. Qe6 Bg6 27.
Qe7 Qg8 28. Qxb7 Rf8 29. Re7 Rf6 30. Bxf6 gxf6 31. Nf7+ Kg7 32. Rd1 Bxf7 33.
Rxf7+ Qxf7 34. Rd7 Qxd7 35. Qxd7+ Kg6 36. Qxc6 Kf7 37. g4 Kg6 38. h4 h6 39. Kg2
Kg7 40. f4 Kf7 41. f5 Kg7 42. Kf3 1-0

[Event "VL 2016/17"]
[Site "Mecklenburg/Vorpommern"]
[Date "2017.04.02"]
[Round "8.5"]
[White "Maertin, Heinz"]
[Black "Bress, Aaron"]
[Result "1-0"]
[WhiteElo "1742"]
[BlackElo "1670"]
[PlyCount "65"]
[EventType "team-tourn"]
[EventRounds "9"]
[SourceDate "2016.10.16"]
[WhiteTeam "SSC Rostock II"]
[BlackTeam "SAV Torgelow"]

1. e4 c5 2. Nf3 e6 3. d4 cxd4 4. Nxd4 Nf6 5. Bd3 Nc6 6. Be3 Be7 7. O-O O-O 8.
c4 b6 9. Nc3 Bb7 10. Rc1 d6 11. f4 Rc8 12. f5 Nxd4 13. Bxd4 exf5 14. Rxf5 Qd7
15. Qf3 Qe6 16. Nd5 Nxd5 17. exd5 Qd7 18. Qh5 h6 19. Rcf1 f6 20. R5f4 Qe8 21.
Qf5 g6 22. Qe6+ Qf7 23. Bxf6 Qxe6 24. dxe6 Bxf6 25. Rxf6 Rce8 26. Rxg6+ Kh8 27.
Rxh6+ Kg8 28. Rg6+ Kh8 29. Rgf6 Rxf6 30. Rxf6 Rg8 31. Rh6+ Kg7 32. Rh7+ Kf6 33.
Rxb7 1-0

[Event "VL 2016/17"]
[Site "Mecklenburg/Vorpommern"]
[Date "2017.04.02"]
[Round "8.6"]
[White "Kasel, Alexander"]
[Black "Menkhaus, Wolf Dieter"]
[Result "1/2-1/2"]
[WhiteElo "1707"]
[BlackElo "1800"]
[PlyCount "93"]
[EventType "team-tourn"]
[EventRounds "9"]
[SourceDate "2016.10.16"]
[WhiteTeam "SAV Torgelow"]
[BlackTeam "SSC Rostock II"]

1. c4 c5 2. g3 Nf6 3. Bg2 d5 4. cxd5 Nxd5 5. Nc3 Nc7 6. Nf3 Nc6 7. O-O e5 8. d3
Be7 9. Be3 O-O 10. Na4 b6 11. Nxe5 Nxe5 12. Bxa8 Nxa8 13. Nc3 Bh3 14. Re1 Nc7
15. Bf4 Bf6 16. Qa4 Nd5 17. Ne4 Ng6 18. Bd6 Re8 19. Nxf6+ Nxf6 20. Bf4 Qd5 21.
f3 Re7 22. Qc4 Qd7 23. Rad1 Be6 24. Qc2 h6 25. Bd2 Nh5 26. Bc3 Bh3 27. d4 Qc7
28. Kf2 Nh4 29. dxc5 Qxc5+ 30. e3 Ng6 31. Rd8+ Kh7 32. Qd3 Bf5 33. Qd5 Qc7 34.
Qxf5 Qxd8 35. Qxh5 Qd3 36. Qg4 Qd5 37. Qd4 Qxd4 38. exd4 Rd7 39. Ke3 Ne7 40.
Kd3 h5 41. Re5 Kg6 42. f4 f5 43. Kc4 Rc7+ 44. Kb5 Kf7 45. Bb4 Nc6 46. d5 Nxe5
47. fxe5 1/2-1/2

[Event "VL 2016/17"]
[Site "Mecklenburg/Vorpommern"]
[Date "2017.04.02"]
[Round "8.8"]
[White "Balz, Christian"]
[Black "Wurst, Benedikt"]
[Result "1/2-1/2"]
[WhiteElo "1640"]
[BlackElo "1575"]
[PlyCount "84"]
[EventType "team-tourn"]
[EventRounds "9"]
[SourceDate "2016.10.16"]
[WhiteTeam "SAV Torgelow"]
[BlackTeam "SSC Rostock II"]

1. e4 e5 2. Nf3 Nc6 3. d4 exd4 4. Nxd4 Bc5 5. Nb3 Bb6 6. a4 a6 7. Nc3 d6 8. Bd3
h6 9. Qe2 Nf6 10. h3 Qe7 11. Bd2 Be6 12. O-O Bxb3 13. cxb3 O-O 14. Kh1 Rfe8 15.
Rae1 Nd7 16. Nd5 Qd8 17. Nxb6 Nxb6 18. Qg4 Ne5 19. Qg3 Nxd3 20. Qxd3 Nd7 21.
Qg3 Qf6 22. Bc3 Qg6 23. Re3 Qxg3 24. Rxg3 g6 25. Bd2 Kh7 26. Re1 Re6 27. Rge3
Rae8 28. f3 h5 29. Kg1 Kg7 30. Bc3+ f6 31. Kf2 Kf7 32. Bd2 Nb8 33. Bc3 Nc6 34.
Rd3 Rd8 35. Rde3 Rd7 36. R1e2 Ne7 37. Rd3 c6 38. Rde3 d5 39. exd5 Rxe3 40. Rxe3
Nxd5 41. Rd3 Ke6 42. Bd2 Nb6 1/2-1/2

[Event "VL 2016/17"]
[Site "Mecklenburg/Vorpommern"]
[Date "2017.04.02"]
[Round "8.1"]
[White "Roehl, Rainer"]
[Black "Mehl, Ronald"]
[Result "1/2-1/2"]
[WhiteElo "2082"]
[BlackElo "2054"]
[PlyCount "28"]
[EventType "team-tourn"]
[EventRounds "9"]
[SourceDate "2016.10.16"]
[WhiteTeam "SF Schwerin II"]
[BlackTeam "FHSG Stralsund"]

1. d4 Nf6 2. Nf3 e6 3. e3 b6 4. Nbd2 Bb7 5. Bd3 d5 6. O-O Bd6 7. Ne5 O-O 8. Qf3
Nbd7 9. Nxd7 Qxd7 10. Qh3 Qe7 11. f4 Ne4 12. Nf3 f5 13. Bd2 Nxd2 14. Nxd2 Rf6
1/2-1/2

[Event "VL 2016/17"]
[Site "Mecklenburg/Vorpommern"]
[Date "2017.04.02"]
[Round "8.2"]
[White "Hubert, Peter"]
[Black "Wagner, Ralph"]
[Result "1/2-1/2"]
[WhiteElo "2001"]
[BlackElo "2063"]
[PlyCount "36"]
[EventType "team-tourn"]
[EventRounds "9"]
[SourceDate "2016.10.16"]
[WhiteTeam "FHSG Stralsund"]
[BlackTeam "SF Schwerin II"]

1. Nf3 d6 2. d4 Bg4 3. c4 Nd7 4. Nc3 Ngf6 5. e3 g6 6. h3 Bxf3 7. Qxf3 c6 8. Be2
Bg7 9. O-O O-O 10. Rd1 e5 11. d5 c5 12. e4 Qe7 13. Bg5 h6 14. Bh4 Rfe8 15. Rab1
g5 16. Bg3 Nf8 17. Rd2 Ng6 18. Nd1 Nf4 1/2-1/2

[Event "VL 2016/17"]
[Site "Mecklenburg/Vorpommern"]
[Date "2017.04.02"]
[Round "8.3"]
[White "Hornych, Christoph"]
[Black "Glawe, Hartmut"]
[Result "1-0"]
[WhiteElo "2035"]
[BlackElo "1939"]
[PlyCount "69"]
[EventType "team-tourn"]
[EventRounds "9"]
[SourceDate "2016.10.16"]
[WhiteTeam "SF Schwerin II"]
[BlackTeam "FHSG Stralsund"]

1. e4 c5 2. Nf3 d6 3. d4 cxd4 4. Nxd4 Nf6 5. Nc3 a6 6. Bc4 e6 7. a4 Qc7 8. Qe2
Be7 9. Be3 O-O 10. Rd1 Re8 11. Bb3 Nbd7 12. f3 g6 13. Qf2 b6 14. O-O Bb7 15.
Rd2 d5 16. exd5 exd5 17. Nde2 Bb4 18. Rfd1 Rad8 19. Kh1 Nc5 20. Bf4 Qc8 21. Bg5
Qf5 22. Qh4 Bxc3 23. bxc3 Nfe4 24. fxe4 Nxe4 25. Bxd8 Nxd2 26. Nd4 Qc8 27. Rxd2
Qxc3 28. Rd1 Re4 29. Qf2 Qc5 30. Bf6 Bc8 31. h3 Qd6 32. Bh4 f5 33. Nf3 Bb7 34.
Qg3 f4 35. Qg5 {ZÜ} 1-0

[Event "VL 2016/17"]
[Site "Mecklenburg/Vorpommern"]
[Date "2017.04.02"]
[Round "8.4"]
[White "Kohn, Andreas"]
[Black "Westphal, Wolfgang"]
[Result "1/2-1/2"]
[WhiteElo "1917"]
[BlackElo "2057"]
[PlyCount "151"]
[EventType "team-tourn"]
[EventRounds "9"]
[SourceDate "2016.10.16"]
[WhiteTeam "FHSG Stralsund"]
[BlackTeam "SF Schwerin II"]

1. e4 c5 2. Nf3 Nc6 3. d4 cxd4 4. Nxd4 e5 5. Nb3 Nf6 6. Nc3 Bb4 7. Bd3 d5 8.
exd5 Nxd5 9. Bd2 Nxc3 10. bxc3 Be7 11. O-O O-O 12. f4 f5 13. fxe5 Nxe5 14. Bf4
Ng6 15. Be3 Qc7 16. Bd4 Bd6 17. Qh5 Nf4 18. Qh4 Nxd3 19. cxd3 Bd7 20. Rf3 Be8
21. Nd2 b5 22. Nf1 Bg6 23. Ne3 Rad8 24. Raf1 b4 25. Nxf5 Bxf5 26. Rxf5 Rxf5 27.
Rxf5 bxc3 28. Bxc3 Bxh2+ 29. Qxh2 Qxc3 30. Qe5 Qxe5 31. Rxe5 Rxd3 32. Ra5 Rd7
33. Kf2 Kf7 34. Kf3 Ke6 35. g3 Kd6 36. g4 Kc6 37. Kf4 Rd4+ 38. Kf3 Kb6 39. Ra3
a5 40. Re3 Rd7 41. Re5 a4 42. Ke3 g6 43. a3 Rf7 44. Re8 Rc7 45. Kd3 Kc5 46. Ra8
Rd7+ 47. Kc3 Rf7 48. Rxa4 Rf3+ 49. Kd2 Kb5 50. Ra7 Rh3 51. Ke2 Kb6 52. Ra4 g5
53. Kf2 h6 54. Kg2 Rc3 55. Kf2 Rc2+ 56. Kg3 Ra2 57. Kf3 Kc5 58. Ke4 Rf2 59. Ke5
Rf3 60. Ra6 Rh3 61. Kf5 Kd4 62. a4 Kc5 63. Kg6 Rh4 64. Kf5 Kb4 65. Ra8 Kc5 66.
Ra5+ Kb6 67. Ra8 Kb7 68. Ra5 Rh1 69. Kg6 Kb6 70. Ra8 Rh4 71. Kf5 Kc6 72. Rc8+
Kb6 73. Rb8+ Ka5 74. Ra8+ Kb4 75. Ra6 Rh1 76. Ra8 1/2-1/2

[Event "VL 2016/17"]
[Site "Mecklenburg/Vorpommern"]
[Date "2017.04.02"]
[Round "8.5"]
[White "Hasselmann, Dieter"]
[Black "Paulowitz, Bernd Rainer"]
[Result "1-0"]
[WhiteElo "2028"]
[BlackElo "1892"]
[PlyCount "43"]
[EventType "team-tourn"]
[EventRounds "9"]
[SourceDate "2016.10.16"]
[WhiteTeam "SF Schwerin II"]
[BlackTeam "FHSG Stralsund"]

1. e4 c6 2. d4 d5 3. Nc3 dxe4 4. Nxe4 Nd7 5. Bc4 Ngf6 6. Ng5 e6 7. c3 Bd6 8.
Ne2 h6 9. Nf3 Qc7 10. Ng3 b6 11. Qe2 Nd5 12. Nf5 Nf4 13. Nxg7+ Kf8 14. Bxf4
Bxf4 15. Nxe6+ fxe6 16. Qxe6 Ne5 17. Qf6+ Nf7 18. Bxf7 Qxf7 19. Qxh8+ Ke7 20.
Ne5 Bd2+ 21. Kd1 Bg4+ 22. f3 1-0